| 000 | 00382 a2200157 4500 | ||
|---|---|---|---|
| 001 | 74856 | ||
| 020 | _a9788589059961 | ||
| 040 | _cAnchieta - Colégio São Paulo | ||
| 100 | _aGramacho, Lilia | ||
| 240 | 1 | 0 |
_aUma família pra lá de diferente _lpor |
| 245 | 1 | 0 | _aUma família pra lá de diferente |
| 300 | _a30 | ||
| 362 | 0 | _a2018 | |
| 650 | 4 | _aLiteratura infantil | |
| 942 | _cBK | ||
| 999 |
_c74856 _d74856 |
||